Recopilacion en que se da quenta de las cosas anci antiguas como modernas dela [sic] inclita villa de Elche (Record no. 139038)

MARC details
000 -LEADER
campo de control de longitud fija 00780nam a2200217 4500
001 - NÚMERO DE CONTROL
campo de control 139038
003 - IDENTIFICADOR DE NÚMERO DE CONTROL
campo de control ES-MaACL
005 - FECHA Y HORA DE LA ÚLTIMA TRANSACCIÓN
campo de control 20230906195706.0
007 - CAMPO FIJO DE DESCRIPCIÓN FÍSICA--INFORMACIÓN GENERAL
campo de control de longitud fija t|
008 - DATOS DE LONGITUD FIJA--INFORMACIÓN GENERAL
campo de control de longitud fija 070214s1954 sp r ||||1| spa d
100 1# - ENTRADA PRINCIPAL--NOMBRE DE PERSONA
Nombre de persona Sanz, Cristóbal.
9 (RLIN) 103571
245 10 - MENCIÓN DEL TÍTULO
Título Recopilacion en que se da quenta de las cosas anci antiguas como modernas dela [sic] inclita villa de Elche
Resto del título : sacadas de diversos autores y entendidas personas fidedignas /
Mención de responsabilidad, etc. por Cristobal Sanz, regidor de dicha Villa.
250 ## - MENCION DE EDICION
Mención de edición Ed. facs.
260 ## - PUBLICACIÓN, DISTRIBUCIÓN, ETC.
Lugar de publicación, distribución, etc. Elche :
Nombre del editor, distribuidor, etc. Atenea,
Fecha de publicación, distribución, etc. 1954.
300 ## - DESCRIPCIÓN FÍSICA
Extensión XVI, 18-133 p. :
Otras características físicas il. ;
Dimensiones 21 cm.
500 ## - NOTA GENERAL
Nota general Reprod. de la ed. de 1621.
655 #7 - TERMINO DE INDIZACIÓN--GENERO/FORMA
Fuente del término tgfbne
9 (RLIN) 226495
Datos o término principal de género/forma Facsímiles
852 ## - LOCALIZACIÓN
Ubicación ES-MaACL
Número de control de estantería C-14046
Sublocalización o colección R.36816
942 ## - ELEMENTOS DE ENTRADA SECUNDARIOS (KOHA)
Fuente del sistema de clasificación o colocación Clasificación decimal universal
Holdings
Estatus retirado Estado de pérdida Estado de daño No para préstamo Biblioteca de origen Biblioteca actual Ubicación en estantería Fecha de adquisición Fuente de adquisición Total de préstamos Signatura topográfica completa Código de barras Visto por última vez Precio de reemplazo Tipo de ítem Koha
        Biblioteca del Ateneo de Madrid Biblioteca del Ateneo de Madrid Sala Palomar 17/01/2008     C-14046 1144689 23/02/2023 23/02/2023 Libro impreso